00823nam a2200217Ia 4500003000900000008004100009040001300050040001300063041000800076100001200084245005800096250001100154260001300165260000900178300001200187490000600199600016900205942000700374999001700381952020700398IT-RoPAU120407s9999 xx 000 0 und d aIT-RoPAU cIT-RoPAU afra aOrigene aHomèlies sur le Levitique. (Testo latini-francese) aParis  aDu Cerf  c1981 c19,5 cm v1 a"1° Homèlies I-VII 374 p. (Sources C., 286) 2° homèlies VIII- XVI 377 p. (Sources C., 287) . " cBK c13858d13858 00102ddc406276_800000000000000_328671aPAULUSbPAULUSd2012-04-11l0o276.8.3286r2012-04-11 00:00:00w2012-04-11yBKzInserito da: Marisa In data: 04 ottobre 2011 fondo: Via A.Severo 56 Progr:10572